Normal view
MARC view
- Farooq, Muhammad Umar
Entry Personal Name
001 - CONTROL NUMBER
- control field: 17931
003 - CONTROL NUMBER IDENTIFIER
- control field: NUST
005 - DATE AND TIME OF LATEST TRANSACTION
- control field: 20190717112854.0
008 - FIXED-LENGTH DATA ELEMENTS
- fixed length control field: 190717|| aca||aabn | a|a d
040 ## - CATALOGING SOURCE
- Original cataloging agency: NUST
- Transcribing agency: NUST
100 ## - HEADING--PERSONAL NAME
- Personal name: Farooq, Muhammad Umar
670 ## - SOURCE DATA FOUND
- Source citation: Work cat.: (NUST): Farooq, Muhammad Umar, Role of Sentiments in Stock Valuation:, 2015.
